| 000 | 00416nam a2200169Ia 4500 | ||
|---|---|---|---|
| 008 | 151213s9999 xx 000 0 und d | ||
| 082 |
_a821.1 _b821.1 |
||
| 100 | _aT.S Eliot | ||
| 245 |
_aFour Quartets _cT.S Eliot |
||
| 250 | _a5th | ||
| 260 |
_aNew Delhi _bAarti Book Centre _c1985 |
||
| 300 | _a11805 p. | ||
| 650 | _aEnglish Literature | ||
| 650 | _aEnglish Literature | ||
| 700 | _aT.S Eliot | ||
| 999 |
_c5047 _d5047 |
||